INFINIT - Mr LE FAIRE - Statistiques

Statistiques générales
  • Ce quiz a été pris 6 fois
  • Le résultat moyen est 9 sur 14
Statistiques - réponses
Track Mr LE FAIRE (2025) % Correct
12 ENVIRONNEMENT
100%
7 MONACO - REMIX (ft. Soleil Noir)
80%
8 NOUVELLE ADRESSE (ft. OG L'enf)
80%
4 TOP 3
80%
3 WISCONSIN (ft. Deen Burbigo)
80%
6 20M3 (ft. Limsa d'Aulnay)
60%
9 CASH GAGNANT (ft. Veust
60%
2 CORTÈGE
60%
10 DÉCAPOTABLE
60%
13 INTÉRIEUR CUIR (ft. Alpha Wann)
60%
5 SCANNER (ft. Zequin)
60%
11 LE FILM CONTINUE (ft. Mairo, H JeuneCrack)
40%
1 ROULEZ (ft. Jacky Brown)
40%
14 TYPE NORD AF
40%
Aucun quiz correspondant
Distribution des résultats
% des personnes avec chaque résultat
Percentile par nombre de réponses
Votre historique - résultats
Vous n’avez pas pris ce quiz